[Event "Madrid-chT 2223"]
[Site "Madrid"]
[Date "2022.12.18"]
[Round "4.3"]
[White "Fernandez de Bobadilla, Gabriel"]
[Black "Valles Moreno, Ivan"]
[Result "0-1"]
[WhiteElo "2165"]
[BlackElo "2341"]
[PlyCount "142"]
[EventDate "2022.11.20"]
[EventType "team-tourn"]
[EventRounds "14"]
[EventCountry "ESP"]
[SourceTitle "Ajedrez en Madrid"]
[Source "lmi"]
[SourceDate "2022.11.21"]
[SourceVersion "1"]
[SourceVersionDate "2023.03.23"]
[SourceQuality "1"]
[WhiteTeam "Virgen de Atocha"]
[BlackTeam "Villalba 64"]
[WhiteTeamCountry "ESP"]
[BlackTeamCountry "ESP"]

1. d4 Nf6 2. c4 g6 3. Nc3 Bg7 4. e4 d6 5. h3 O-O 6. Be3 Na6 7. Bd3 c5 8. d5 e6
9. Nf3 exd5 10. exd5 Nb4 11. Bb1 b5 12. a3 Qa5 13. O-O bxc4 14. Bxg6 hxg6 15.
axb4 Qxb4 16. Qd2 Bf5 17. Ng5 Bd3 18. Rfe1 Qb7 19. Bf4 Nxd5 20. Bxd6 Rfd8 21.
Nxd5 Qxd5 22. Be7 Rd7 23. Nf3 Rb8 24. Qf4 Rb6 25. Ng5 f6 26. Nf3 g5 27. Qe3 Rc6
28. Ra5 Rdc7 29. Nh2 Bf5 30. Qc1 Kf7 31. g4 Be4 32. f3 Rxe7 33. fxe4 Rxe4 34.
Rxa7+ Kg8 35. Ra8+ Kh7 36. Qb1 Rce6 37. Rd8 f5 38. Rxe4 Qxe4 39. Qxe4 fxe4 40.
Rb8 Bd4+ 41. Kf1 Rf6+ 42. Ke1 Rf2 43. Nf1 Rxb2 44. Rxb2 Bxb2 45. Ne3 c3 46. Kd1
Kg6 47. Ng2 Kf6 48. h4 gxh4 49. Nxh4 Kg5 50. Ng2 Kxg4 51. Ne1 Kf4 52. Ke2 Bc1
53. Nc2 Ke5 54. Kd1 Bd2 55. Ke2 Kd5 56. Na3 Bf4 57. Kd1 e3 58. Ke2 c4 59. Nc2
Kc5 60. Kd1 Bg5 61. Ke2 Kb5 62. Nd4+ Ka4 63. Kd1 Bh6 64. Kc2 Bg7 65. Ne2 Be5
66. Nc1 Kb4 67. Ne2 Kc5 68. Nc1 Kd5 69. Kd1 Ke4 70. Ne2 Kf3 71. Nc1 Kf2 0-1

[Event "Madrid-chT 2223"]
[Site "Madrid"]
[Date "2022.12.18"]
[Round "4.4"]
[White "Adan Bermudez, Sergio"]
[Black "Perez de Aranda, Leonardo Ivan"]
[Result "1-0"]
[WhiteElo "2350"]
[BlackElo "2139"]
[PlyCount "49"]
[EventDate "2022.11.20"]
[EventType "team-tourn"]
[EventRounds "14"]
[EventCountry "ESP"]
[SourceTitle "Ajedrez en Madrid"]
[Source "lmi"]
[SourceDate "2022.11.21"]
[SourceVersion "1"]
[SourceVersionDate "2023.03.23"]
[SourceQuality "1"]
[WhiteTeam "Villalba 64"]
[BlackTeam "Virgen de Atocha"]
[WhiteTeamCountry "ESP"]
[BlackTeamCountry "ESP"]

1. c4 c5 2. Nc3 g6 3. Nf3 Bg7 4. e3 Nf6 5. d4 cxd4 6. exd4 O-O 7. Bg5 d6 8. Qd2
Bg4 9. Be2 Nc6 10. d5 Bxf3 11. gxf3 Ne5 12. f4 Ned7 13. f5 Rc8 14. h4 Ne5 15.
h5 Nxc4 16. Bxc4 Rxc4 17. hxg6 fxg6 18. fxg6 Ng4 19. Qe2 Qc8 20. gxh7+ Kh8 21.
Bd2 Rxf2 22. Qxe7 Rc7 23. Qe6 Rxc3 24. bxc3 Qc4 25. Qg8# 1-0

[Event "Madrid-chT 2223"]
[Site "Madrid"]
[Date "2022.12.18"]
[Round "4.5"]
[White "Yanes Crespo, Javier"]
[Black "Sanchez Alvares, Kelvin Antonio"]
[Result "0-1"]
[WhiteElo "1963"]
[BlackElo "2230"]
[PlyCount "72"]
[EventDate "2022.11.20"]
[EventType "team-tourn"]
[EventRounds "14"]
[EventCountry "ESP"]
[SourceTitle "Ajedrez en Madrid"]
[Source "lmi"]
[SourceDate "2022.11.21"]
[SourceVersion "1"]
[SourceVersionDate "2023.03.23"]
[SourceQuality "1"]
[WhiteTeam "Virgen de Atocha"]
[BlackTeam "Villalba 64"]
[WhiteTeamCountry "ESP"]
[BlackTeamCountry "ESP"]

1. e4 c5 2. c3 d5 3. exd5 Qxd5 4. d4 Nf6 5. Nf3 Nc6 6. Be2 Bg4 7. h3 Bh5 8. O-O
e6 9. Be3 cxd4 10. cxd4 Be7 11. Nc3 Qd6 12. a3 O-O 13. Qb3 Rfd8 14. Rfd1 a6 15.
Rac1 b5 16. g4 Bg6 17. Rd2 Na5 18. Qa2 Ne4 19. Rdd1 Nxc3 20. Rxc3 Be4 21. Nd2
Bd5 22. Qb1 b4 23. axb4 Qxb4 24. Qc2 Bf6 25. Nc4 Bxc4 26. Bxc4 Nc6 27. Rb3 Qa4
28. Qe2 Nxd4 29. Bxd4 Bxd4 30. Rc1 Qc6 31. Ra1 a5 32. Bd3 Qd6 33. Be4 Ra7 34.
Rb5 a4 35. Qc4 Qg3+ 36. Kh1 Qxh3+ 0-1

[Event "Madrid-chT 2223"]
[Site "Madrid"]
[Date "2023.01.15"]
[Round "5.1"]
[White "Candela Perez, Jose"]
[Black "Vazquez Igarza, Renier"]
[Result "0-1"]
[WhiteElo "2302"]
[BlackElo "2542"]
[PlyCount "140"]
[EventDate "2022.11.20"]
[EventType "team-tourn"]
[EventRounds "14"]
[EventCountry "ESP"]
[SourceTitle "Ajedrez en Madrid"]
[Source "lmi"]
[SourceDate "2022.11.21"]
[SourceVersion "1"]
[SourceVersionDate "2023.03.23"]
[SourceQuality "1"]
[WhiteTeam "Alcala de Henares"]
[BlackTeam "Collado Villalba"]
[WhiteTeamCountry "ESP"]
[BlackTeamCountry "ESP"]

1. e4 c5 2. Nf3 Nc6 3. Bb5 e6 4. Bxc6 bxc6 5. b3 Ne7 6. Bb2 f6 7. O-O Ng6 8. d4
cxd4 9. Nxd4 Bb7 10. Re1 Be7 11. c4 O-O 12. Nc3 a6 13. Qc2 c5 14. Nde2 Qc7 15.
Ng3 Rad8 16. Rad1 Ne5 17. Qd2 Rfe8 18. Nce2 Nc6 19. Nh5 Rf8 20. Neg3 Rf7 21.
Bc3 g6 22. Nf4 Bf8 23. Nd3 e5 24. Nf1 d6 25. Ne3 Bh6 26. Qe2 Bxe3 27. Qxe3 a5
28. Qd2 Ra8 29. f3 Bc8 30. Nf2 Nd4 31. Bxd4 cxd4 32. Rb1 f5 33. Rec1 fxe4 34.
Nxe4 Bf5 35. Re1 Qb6 36. Rbc1 Bxe4 37. Rxe4 Qc5 38. Kh1 Raf8 39. h3 Kg7 40. Kh2
h6 41. Qd3 g5 42. Rce1 Rf5 43. h4 Rf4 44. hxg5 hxg5 45. Kg1 Qb4 46. R1e2 g4 47.
Rxf4 Rxf4 48. fxg4 Qa3 49. Rc2 Qc5 50. Re2 Qc8 51. g5 Qf5 52. Qxf5 Rxf5 53. Rd2
Kg6 54. a3 Rf8 55. b4 Kxg5 56. b5 Rb8 57. Kf2 d5 58. cxd5 Rxb5 59. d6 Kf5 60.
d7 Rd5 61. Rb2 Rxd7 62. Rb5 Ke4 63. Ke1 Ra7 64. Kf2 a4 65. Rb4 Rf7+ 66. Ke2 Rc7
67. Rxa4 Rc2+ 68. Kd1 Rxg2 69. Ra5 Kd3 70. Kc1 e4 0-1

[Event "Madrid-chT 2223"]
[Site "Madrid"]
[Date "2023.01.15"]
[Round "5.2"]
[White "Pulvett Marin, Daniel Eduardo"]
[Black "Medina Diaz, Rafael Alejandro"]
[Result "1-0"]
[WhiteElo "2509"]
[BlackElo "2246"]
[PlyCount "78"]
[EventDate "2022.11.20"]
[EventType "team-tourn"]
[EventRounds "14"]
[EventCountry "ESP"]
[SourceTitle "Ajedrez en Madrid"]
[Source "lmi"]
[SourceDate "2022.11.21"]
[SourceVersion "1"]
[SourceVersionDate "2023.03.23"]
[SourceQuality "1"]
[WhiteTeam "Collado Villalba"]
[BlackTeam "Alcala de Henares"]
[WhiteTeamCountry "ESP"]
[BlackTeamCountry "ESP"]

1. d4 d5 2. c4 c6 3. Nf3 Nf6 4. Nc3 dxc4 5. a4 Bf5 6. Ne5 Nbd7 7. Nxc4 Nb6 8.
Ne5 a5 9. e3 g6 10. Bd3 Bxd3 11. Nxd3 Bg7 12. Qb3 O-O 13. O-O Qc7 14. e4 Nfd7
15. Bf4 Qc8 16. Be3 Ra6 17. Rac1 Rd8 18. Rfd1 e6 19. h3 Qa8 20. Ne2 Nc8 21. Bf4
Re8 22. Bc7 Ra7 23. Bf4 Ra6 24. Qc2 Qa7 25. Be3 Qb8 26. Nc5 Nxc5 27. dxc5 Qc7
28. Rd2 Ra8 29. Rcd1 b5 30. Rd7 Qe5 31. Nd4 bxa4 32. Nxc6 Qxb2 33. Qxa4 Bf6 34.
e5 Be7 35. R7d2 Qb7 36. Nxa5 Rf8 37. Nxb7 Rxa4 38. Rd7 Rc4 39. Nd6 Rc3 1-0

[Event "Madrid-chT 2223"]
[Site "Madrid"]
[Date "2023.01.15"]
[Round "5.3"]
[White "Yañez Rodriguez, Wilbert"]
[Black "Alonso Garcia, Aaron"]
[Result "0-1"]
[WhiteElo "2103"]
[BlackElo "2425"]
[PlyCount "164"]
[EventDate "2022.11.20"]
[EventType "team-tourn"]
[EventRounds "14"]
[EventCountry "ESP"]
[SourceTitle "Ajedrez en Madrid"]
[Source "lmi"]
[SourceDate "2022.11.21"]
[SourceVersion "1"]
[SourceVersionDate "2023.03.23"]
[SourceQuality "1"]
[WhiteTeam "Alcala de Henares"]
[BlackTeam "Collado Villalba"]
[WhiteTeamCountry "ESP"]
[BlackTeamCountry "ESP"]

1. c4 e5 2. g3 c6 3. Nf3 e4 4. Nd4 d5 5. cxd5 Qxd5 6. Nc2 Nf6 7. Nc3 Qa5 8. Bg2
Na6 9. O-O Be7 10. d4 exd3 11. Qxd3 O-O 12. e4 Qh5 13. f3 Nc5 14. Qe2 b6 15.
Rd1 Ba6 16. Qe3 Rfd8 17. Nd4 Nd3 18. Nb3 c5 19. Nd5 Nxd5 20. exd5 Re8 21. Rxd3
c4 22. Rd1 cxb3 23. Qxb3 Bc5+ 24. Kh1 Be2 25. Bf4 Bxd1 26. Rxd1 Rad8 27. Bf1
Bd6 28. g4 Qh4 29. Bxd6 Rxd6 30. Bb5 Qf2 31. Rf1 Re1 32. Rxe1 Qxe1+ 33. Kg2
Qd2+ 34. Kg3 Rh6 35. h3 Qe1+ 36. Kg2 Qh4 37. f4 Qe1 38. Qc2 Qe7 39. Qc8+ Qf8
40. Qc7 Rf6 41. g5 Rd6 42. Bc4 h6 43. h4 Qd8 44. Qxa7 Qc8 45. Kg3 hxg5 46. hxg5
Qc5 47. Qb8+ Kh7 48. Bd3+ g6 49. Be4 Qe3+ 50. Kg4 Qe2+ 51. Bf3 Qe7 52. Kg3 f6
53. gxf6 Qxf6 54. Qe8 Kg7 55. Qe5 Rd7 56. Be4 Re7 57. Qxf6+ Kxf6 58. Kf3 Rh7
59. Kg3 Rh8 60. Bg2 Rc8 61. Be4 Rc1 62. Kf3 Ra1 63. d6 Rd1 64. b3 Rxd6 65. Ke3
Rd8 66. a4 Rh8 67. Bd5 Rh4 68. Bc4 Rh7 69. Ke4 Rd7 70. Bd5 Re7+ 71. Kf3 Kf5 72.
Bc4 Rd7 73. Ke3 Rd6 74. Be2 Rc6 75. Bc4 Kg4 76. Ke4 Rf6 77. Be2+ Kg3 78. Kd5
Rxf4 79. Bc4 g5 80. b4 g4 81. a5 bxa5 82. bxa5 Rf5+ 0-1

[Event "Madrid-chT 2223"]
[Site "Madrid"]
[Date "2023.01.15"]
[Round "5.4"]
[White "Lianes Garcia, Marcos"]
[Black "Sanchez Millan, Eduardo"]
[Result "1-0"]
[WhiteElo "2409"]
[BlackElo "2029"]
[PlyCount "83"]
[EventDate "2022.11.20"]
[EventType "team-tourn"]
[EventRounds "14"]
[EventCountry "ESP"]
[SourceTitle "Ajedrez en Madrid"]
[Source "lmi"]
[SourceDate "2022.11.21"]
[SourceVersion "1"]
[SourceVersionDate "2023.03.23"]
[SourceQuality "1"]
[WhiteTeam "Collado Villalba"]
[BlackTeam "Alcala de Henares"]
[WhiteTeamCountry "ESP"]
[BlackTeamCountry "ESP"]

1. d4 Nf6 2. c4 e6 3. Nf3 Bb4+ 4. Bd2 Be7 5. Nc3 d5 6. Bg5 O-O 7. e3 Nbd7 8.
Qc2 h6 9. Bh4 a6 10. cxd5 Nxd5 11. Bxe7 Nxe7 12. g3 b5 13. Bg2 Bb7 14. Ne4 Nd5
15. a3 N5f6 16. Nxf6+ Nxf6 17. O-O Be4 18. Qc5 Nd7 19. Qc3 Rc8 20. b4 Nb6 21.
Ne5 Bxg2 22. Kxg2 f6 23. Nc6 Qd6 24. Na5 Qd5+ 25. Kg1 Qf3 26. Rac1 Nd5 27. Qc2
c5 28. dxc5 f5 29. Qd1 Qe4 30. Re1 Rfd8 31. Qc2 Qg4 32. Qe2 Qg5 33. Kh1 Nf6 34.
f3 e5 35. Nb7 e4 36. Nxd8 Rxd8 37. f4 Qg6 38. c6 Rc8 39. Red1 Kh7 40. Rc5 Qf7
41. Rdc1 Ne8 42. Qd2 1-0

[Event "Madrid-chT 2223"]
[Site "Madrid"]
[Date "2023.01.15"]
[Round "5.5"]
[White "Candela Martin, Alvaro"]
[Black "Suarez Uriel, Adrian"]
[Result "0-1"]
[WhiteElo "1932"]
[BlackElo "2365"]
[PlyCount "160"]
[EventDate "2022.11.20"]
[EventType "team-tourn"]
[EventRounds "14"]
[EventCountry "ESP"]
[SourceTitle "Ajedrez en Madrid"]
[Source "lmi"]
[SourceDate "2022.11.21"]
[SourceVersion "1"]
[SourceVersionDate "2023.03.23"]
[SourceQuality "1"]
[WhiteTeam "Alcala de Henares"]
[BlackTeam "Collado Villalba"]
[WhiteTeamCountry "ESP"]
[BlackTeamCountry "ESP"]

1. e4 c5 2. Nf3 e6 3. b3 b6 4. d4 cxd4 5. Nxd4 Bb7 6. Bd3 a6 7. O-O Qc7 8. Bb2
Nf6 9. Re1 d6 10. c4 Nbd7 11. Nc3 g6 12. Qd2 Bg7 13. Rad1 O-O 14. Bb1 Rfd8 15.
Nf3 Ne8 16. Na4 Bxb2 17. Nxb2 Rac8 18. Qh6 Nf8 19. Ng5 Nf6 20. Rd3 b5 21. Rg3
e5 22. Bd3 Qd7 23. h3 Nh5 24. Nxh7 Nxh7 25. Qxh5 Kg7 26. Qe2 b4 27. Qd2 a5 28.
Rd1 Nf6 29. Re3 Bc6 30. Bc2 Qb7 31. f3 Rd7 32. Rd3 Rcd8 33. Qg5 Nh5 34. R3d2
Nf4 35. Nd3 Qa7+ 36. Kh2 Ne6 37. Qg3 Nd4 38. Nc1 a4 39. Qf2 axb3 40. Bxb3 Qb8
41. Ne2 Ne6 42. Rb2 Nc5 43. Nc1 Qa7 44. Nd3 Qa3 45. Qc2 Na4 46. Bxa4 Bxa4 47.
Qd2 Bxd1 48. Qxd1 Rb7 49. Qd2 Rdb8 50. Rb3 Qa5 51. Kg3 Rc8 52. Rxb4 Rxc4 53. a3
Rbc7 54. Qb2 Rc2 55. Qb1 Qxa3 56. Rb3 Qa6 57. Nb4 Qe2 58. Nxc2 Rxc2 59. Qg1 Qd2
60. Re3 f5 61. exf5 gxf5 62. f4 exf4+ 63. Kxf4 Rc1 64. Qxc1 Qxc1 65. g4 fxg4
66. hxg4 Kf6 67. Ke4 Qc4+ 68. Kf3 d5 69. Re2 Qd4 70. Rg2 Kg5 71. Kg3 Qe3+ 72.
Kh2 d4 73. Rg3 Qf2+ 74. Rg2 Qf4+ 75. Kh3 d3 76. Rf2 d2 77. Re2 Qxg4+ 78. Kh2
Qxe2+ 79. Kh3 d1=R 80. Kg3 Rd3# 0-1

[Event "Madrid-chT 2223"]
[Site "Madrid"]
[Date "2023.01.14"]
[Round "5.1"]
[White "Valles Moreno, Ivan"]
[Black "Plazuelo Pascual, Juan"]
[Result "1/2-1/2"]
[WhiteElo "2344"]
[BlackElo "2456"]
[PlyCount "24"]
[EventDate "2022.11.20"]
[EventType "team-tourn"]
[EventRounds "14"]
[EventCountry "ESP"]
[SourceTitle "Ajedrez en Madrid"]
[Source "lmi"]
[SourceDate "2022.11.21"]
[SourceVersion "1"]
[SourceVersionDate "2023.03.23"]
[SourceQuality "1"]
[WhiteTeam "Villalba 64"]
[BlackTeam "Alcorcon Diagonal"]
[WhiteTeamCountry "ESP"]
[BlackTeamCountry "ESP"]

1. e4 e5 2. Nf3 Nf6 3. Nxe5 d6 4. Nf3 Nxe4 5. Bd3 Nf6 6. O-O Be7 7. c3 O-O 8.
Bc2 Bg4 9. Re1 Re8 10. d4 Bf8 11. Rxe8 Qxe8 12. Nbd2 Bh5 1/2-1/2

[Event "Madrid-chT 2223"]
[Site "Madrid"]
[Date "2023.01.14"]
[Round "5.2"]
[White "Garcia Dorado, Alberto"]
[Black "Adan Bermudez, Sergio"]
[Result "0-1"]
[WhiteElo "2247"]
[BlackElo "2359"]
[PlyCount "154"]
[EventDate "2022.11.20"]
[EventType "team-tourn"]
[EventRounds "14"]
[EventCountry "ESP"]
[SourceTitle "Ajedrez en Madrid"]
[Source "lmi"]
[SourceDate "2022.11.21"]
[SourceVersion "1"]
[SourceVersionDate "2023.03.23"]
[SourceQuality "1"]
[WhiteTeam "Alcorcon Diagonal"]
[BlackTeam "Villalba 64"]
[WhiteTeamCountry "ESP"]
[BlackTeamCountry "ESP"]

1. d4 Nf6 2. c4 e6 3. Nc3 Bb4 4. Qc2 c5 5. dxc5 Na6 6. a3 Qa5 7. Bd2 Nxc5 8. f3
Bxc3 9. Bxc3 Qa4 10. Qxa4 Nxa4 11. Bd4 d6 12. O-O-O e5 13. Bf2 Be6 14. e4 Ke7
15. b3 Nc5 16. Kb2 Rhc8 17. Bd3 Nfd7 18. Bc2 Rcb8 19. a4 b5 20. cxb5 a6 21. b4
Nb7 22. Ne2 a5 23. Be1 Nb6 24. Bb3 axb4 25. Bxe6 Nxa4+ 26. Kb3 Nbc5+ 27. Kxb4
Kxe6 28. Bc3 Rb7 29. Rb1 Rab8 30. Kc4 Nb6+ 31. Kb4 Nbd7 32. Kc4 Rc8 33. Kb4
Nd3+ 34. Kb3 Rxb5+ 35. Kc2 Nb4+ 36. Kd2 Rcb8 37. Rxb4 Rxb4 38. Bxb4 Rxb4 39. g4
Rb2+ 40. Ke3 Rb3+ 41. Kf2 Nc5 42. Rd1 Nd3+ 43. Kg3 Ra3 44. h4 f6 45. h5 g6 46.
hxg6 hxg6 47. Kg2 f5 48. gxf5+ gxf5 49. exf5+ Kxf5 50. Ng3+ Kf4 51. Nh5+ Ke3
52. Kg3 Ke2 53. Rb1 d5 54. Nf6 Nf4 55. Rb2+ Ke1 56. Ng4 Re3 57. Nf2 Re2 58.
Rb1+ Kd2 59. Rb5 Kc3 60. Ng4 Kc4 61. Ra5 Nd3 62. Nf6 Nc5 63. f4 e4 64. Ng4 d4
65. Ne5+ Kb4 66. Nc6+ Kc4 67. Ne5+ Kd5 68. Nd7 Rc2 69. Nf6+ Kc4 70. f5 e3 71.
Ng4 e2 72. Ra1 Nd3 73. f6 Kb5 74. f7 Rc8 75. Kf3 e1=Q 76. Rxe1 Nxe1+ 77. Ke4
Kc4 0-1

[Event "Madrid-chT 2223"]
[Site "Madrid"]
[Date "2023.01.14"]
[Round "5.3"]
[White "Guerrero Vargas, Andres Jesus"]
[Black "Neagu, Roberto Florin"]
[Result "1-0"]
[WhiteElo "2336"]
[BlackElo "2307"]
[PlyCount "93"]
[EventDate "2022.11.20"]
[EventType "team-tourn"]
[EventRounds "14"]
[EventCountry "ESP"]
[SourceTitle "Ajedrez en Madrid"]
[Source "lmi"]
[SourceDate "2022.11.21"]
[SourceVersion "1"]
[SourceVersionDate "2023.03.23"]
[SourceQuality "1"]
[WhiteTeam "Villalba 64"]
[BlackTeam "Alcorcon Diagonal"]
[WhiteTeamCountry "ESP"]
[BlackTeamCountry "ESP"]

1. Nf3 c5 2. c4 Nc6 3. Nc3 g6 4. e3 Nf6 5. d4 cxd4 6. exd4 d5 7. cxd5 Nxd5 8.
Qb3 Nxc3 9. Bc4 Nd5 10. Bxd5 e6 11. Bxc6+ bxc6 12. O-O Bg7 13. Qa3 Qe7 14.
Qxe7+ Kxe7 15. b3 Ba6 16. Ba3+ Kd7 17. Rfe1 f6 18. Rad1 Bh6 19. h3 Bf4 20. g3
Bh6 21. Nh2 Bb5 22. Ng4 Bg7 23. Ne3 a5 24. d5 e5 25. dxc6+ Kxc6 26. Rd5 Rhd8
27. Rc5+ Kb6 28. Nd5+ Rxd5 29. Rxd5 Bc6 30. Bc5+ Kb7 31. Rd2 Bh6 32. Be3 Bf8
33. Red1 Bf3 34. Rd7+ Kc6 35. Rd8 Rxd8 36. Rxd8 Bb4 37. Rc8+ Kd5 38. Bb6 Ke4
39. Rc7 Kd3 40. Rxh7 Bc3 41. Kf1 Kc2 42. Ra7 Kb2 43. Bxa5 Bd4 44. Rf7 f5 45. b4
Kxa2 46. b5 Bd5 47. Rc7 1-0

[Event "Madrid-chT 2223"]
[Site "Madrid"]
[Date "2023.01.14"]
[Round "5.4"]
[White "Horcajuelo Rocamora, Martin"]
[Black "Perdomo Araujo, Angel Eduardo"]
[Result "1/2-1/2"]
[WhiteElo "2143"]
[BlackElo "2071"]
[PlyCount "155"]
[EventDate "2022.11.20"]
[EventType "team-tourn"]
[EventRounds "14"]
[EventCountry "ESP"]
[SourceTitle "Ajedrez en Madrid"]
[Source "lmi"]
[SourceDate "2022.11.21"]
[SourceVersion "1"]
[SourceVersionDate "2023.03.23"]
[SourceQuality "1"]
[WhiteTeam "Alcorcon Diagonal"]
[BlackTeam "Villalba 64"]
[WhiteTeamCountry "ESP"]
[BlackTeamCountry "ESP"]

1. d4 Nf6 2. c4 g6 3. Nc3 d5 4. cxd5 Nxd5 5. Bd2 Bg7 6. e4 Nxc3 7. Bxc3 O-O 8.
Qd2 b6 9. Nf3 Ba6 10. Bxa6 Nxa6 11. Qe2 Qc8 12. O-O e6 13. Rac1 Qb7 14. b4 Rac8
15. Rb1 Rfd8 16. Rfc1 Nb8 17. a4 Nd7 18. Bd2 Nf6 19. Bg5 h6 20. Bxf6 Bxf6 21.
e5 Be7 22. Qc4 c6 23. Rc2 g5 24. h3 b5 25. Qf1 bxa4 26. Qc1 Kg7 27. Ra1 Qxb4
28. Rc4 Qb8 29. Raxa4 Qb6 30. Qa1 Rd7 31. Ra6 Qb5 32. Rc1 c5 33. Rxa7 c4 34.
Ra5 Qb6 35. Qa4 Rdc7 36. Rc2 Qb1+ 37. Kh2 c3 38. Rb5 Qf1 39. d5 exd5 40. Rxd5
Qc4 41. Qxc4 Rxc4 42. Nd4 Bc5 43. Nf5+ Kg6 44. g4 Bb4 45. Rb5 Bc5 46. Rb3 Re8
47. Rbxc3 Rxc3 48. Rxc3 Rxe5 49. Kg3 h5 50. Rc4 Kf6 51. Rc2 Rd5 52. Re2 Rd3+
53. Kg2 hxg4 54. hxg4 Rc3 55. Ng3 Rc4 56. f3 Bd4 57. Ne4+ Kg6 58. Nd6 Rb4 59.
Nf5 Bf6 60. Re8 Rb2+ 61. Kh3 Rd2 62. Ng3 Rd8 63. Re2 Bd4 64. Nf5 Bf6 65. Rc2
Be5 66. Re2 Rh8+ 67. Kg2 Rh2+ 68. Kf1 Rxe2 69. Kxe2 Kf6 70. Kd3 Ke6 71. Ke4 Bb2
72. Ne3 f6 73. Nc4 Bc1 74. Nb6 Bf4 75. Na4 Bd6 76. Nc3 Bf4 77. Nb5 Be5 78. Na3
1/2-1/2

[Event "Madrid-chT 2223"]
[Site "Madrid"]
[Date "2023.01.14"]
[Round "5.5"]
[White "Gutierrez Diaz, Pablo"]
[Black "Aguilera Lopez, Alejandro"]
[Result "0-1"]
[WhiteElo "1972"]
[BlackElo "2211"]
[PlyCount "106"]
[EventDate "2022.11.20"]
[EventType "team-tourn"]
[EventRounds "14"]
[EventCountry "ESP"]
[SourceTitle "Ajedrez en Madrid"]
[Source "lmi"]
[SourceDate "2022.11.21"]
[SourceVersion "1"]
[SourceVersionDate "2023.03.23"]
[SourceQuality "1"]
[WhiteTeam "Villalba 64"]
[BlackTeam "Alcorcon Diagonal"]
[WhiteTeamCountry "ESP"]
[BlackTeamCountry "ESP"]

1. e4 c5 2. Nf3 e6 3. c4 Nc6 4. d4 cxd4 5. Nxd4 Nf6 6. Nc3 Bb4 7. Nxc6 bxc6 8.
Bd3 Bxc3+ 9. bxc3 Qc7 10. Qe2 d6 11. O-O Ba6 12. Rd1 Nd7 13. Qg4 Ne5 14. Qg3
O-O 15. Bf1 Rad8 16. Bf4 f6 17. c5 Bxf1 18. cxd6 Rxd6 19. Rxf1 Qa5 20. Bh6 Rd7
21. Bf4 Rd3 22. f3 Qxc3 23. Rab1 Ng6 24. Bb8 Qd4+ 25. Qf2 Qxf2+ 26. Rxf2 Rd7
27. Bg3 e5 28. Rc2 Rc8 29. h4 Kf7 30. Rbc1 Rdc7 31. Kf2 c5 32. Rc4 Nf8 33. f4
Ke6 34. fxe5 fxe5 35. Ke2 Nd7 36. Bf2 Rc6 37. Ra4 R8c7 38. Ra5 a6 39. Rc3 c4
40. Bg3 Rc8 41. Kd1 Rd6+ 42. Kc1 Rcc6 43. Kc2 Rd4 44. Rca3 Rxe4 45. Rxa6 Nb8
46. Ra8 Rb6 47. R3a7 Rg4 48. Be1 Rxg2+ 49. Kc3 Kd5 50. Ra5+ Ke4 51. Rc5 Nc6 52.
Kxc4 Rc2+ 53. Bc3 Rb4# 0-1

[Event "Madrid-chT 2223"]
[Site "Madrid"]
[Date "2023.01.14"]
[Round "5.6"]
[White "Rey Martinez, Jaime"]
[Black "Blanco Samaniego, Alejandro"]
[Result "1-0"]
[WhiteElo "2181"]
[BlackElo "1891"]
[PlyCount "65"]
[EventDate "2022.11.20"]
[EventType "team-tourn"]
[EventRounds "14"]
[EventCountry "ESP"]
[SourceTitle "Ajedrez en Madrid"]
[Source "lmi"]
[SourceDate "2022.11.21"]
[SourceVersion "1"]
[SourceVersionDate "2023.03.23"]
[SourceQuality "1"]
[WhiteTeam "Alcorcon Diagonal"]
[BlackTeam "Villalba 64"]
[WhiteTeamCountry "ESP"]
[BlackTeamCountry "ESP"]

1. e4 c5 2. Nf3 Nc6 3. d4 cxd4 4. Nxd4 g6 5. c4 Bg7 6. Be3 Nf6 7. Nc3 Nxd4 8.
Bxd4 d6 9. Be2 O-O 10. O-O Bd7 11. h3 Bc6 12. Qc2 Nd7 13. Bxg7 Kxg7 14. b4 b6
15. f4 Rc8 16. Rad1 Qc7 17. Qd2 Rfd8 18. Rc1 Kg8 19. Qe3 a5 20. a3 Qa7 21. Bg4
Ra8 22. b5 Bb7 23. Bxd7 Rxd7 24. f5 Rc8 25. Na4 Rdc7 26. Qd4 Ba8 27. f6 Re8 28.
e5 Qb7 29. Rf2 dxe5 30. Qxe5 Qb8 31. Re2 Kf8 32. Rce1 Rxc4 33. fxe7+ 1-0

[Event "Madrid-chT 2223"]
[Site "Madrid"]
[Date "2023.01.15"]
[Round "5.1"]
[White "Reyes Larena, Juan"]
[Black "Garcia Luengo, Leandro"]
[Result "1-0"]
[WhiteElo "2433"]
[BlackElo "2284"]
[PlyCount "103"]
[EventDate "2022.11.20"]
[EventType "team-tourn"]
[EventRounds "14"]
[EventCountry "ESP"]
[SourceTitle "Ajedrez en Madrid"]
[Source "lmi"]
[SourceDate "2022.11.21"]
[SourceVersion "1"]
[SourceVersionDate "2023.03.23"]
[SourceQuality "1"]
[WhiteTeam "San Sebastian de los Reyes"]
[BlackTeam "San Fernando de Henares"]
[WhiteTeamCountry "ESP"]
[BlackTeamCountry "ESP"]

1. e4 c5 2. Nf3 Nc6 3. d4 cxd4 4. Nxd4 g6 5. Nc3 Bg7 6. Be3 Nf6 7. Bc4 O-O 8.
Bb3 d6 9. h3 Na5 10. O-O Nxb3 11. axb3 b6 12. Re1 Bb7 13. Bg5 Re8 14. b4 a6 15.
b5 axb5 16. Ndxb5 Ra5 17. Rxa5 bxa5 18. Qd2 Qb6 19. Be3 Qc6 20. f3 Ra8 21. Ra1
Kf8 22. Na7 Qc7 23. Ncb5 Qd8 24. Qxa5 Qxa5 25. Rxa5 Ne8 26. b3 f5 27. exf5 gxf5
28. Nd4 Bxd4 29. Bxd4 e5 30. Bf2 Ke7 31. c4 Nc7 32. c5 dxc5 33. Bxc5+ Ke6 34.
b4 Rg8 35. Kf2 Na6 36. Rb5 Rg7 37. Be3 e4 38. f4 Rf7 39. g4 fxg4 40. hxg4 Nb8
41. f5+ Kf6 42. Bd4+ Kg5 43. Kg3 Rd7 44. Be3+ Kf6 45. Kf4 Kf7 46. g5 Rc7 47.
Rb6 Nd7 48. Rh6 Kg8 49. Rd6 Nf8 50. Rd8 Kf7 51. Nb5 Rd7 52. Rxd7+ 1-0

[Event "Madrid-chT 2223"]
[Site "Madrid"]
[Date "2023.01.15"]
[Round "5.2"]
[White "Fernandez Blazquez, Diego"]
[Black "Rottenwohrer Suarez, Juan"]
[Result "1/2-1/2"]
[WhiteElo "2223"]
[BlackElo "2321"]
[PlyCount "86"]
[EventDate "2022.11.20"]
[EventType "team-tourn"]
[EventRounds "14"]
[EventCountry "ESP"]
[SourceTitle "Ajedrez en Madrid"]
[Source "lmi"]
[SourceDate "2022.11.21"]
[SourceVersion "1"]
[SourceVersionDate "2023.03.23"]
[SourceQuality "1"]
[WhiteTeam "San Fernando de Henares"]
[BlackTeam "San Sebastian de los Reyes"]
[WhiteTeamCountry "ESP"]
[BlackTeamCountry "ESP"]

1. e4 c5 2. Nf3 g6 3. d4 cxd4 4. Qxd4 Nf6 5. Nc3 Nc6 6. Qa4 d6 7. e5 dxe5 8.
Nxe5 Bd7 9. Nxd7 Qxd7 10. Bb5 Bg7 11. O-O O-O 12. Bf4 Rac8 13. Rad1 Qf5 14.
Rfe1 a6 15. Bd3 Qc5 16. a3 Qb6 17. b4 Nxb4 18. Be3 Qc6 19. axb4 Qxc3 20. b5
axb5 21. Qxb5 Qc6 22. Rb1 Nd5 23. Qxb7 Qxb7 24. Rxb7 Bc3 25. Reb1 Nxe3 26. fxe3
Bf6 27. Kf2 Kg7 28. Ke2 Rc5 29. R1b5 Rfc8 30. Rxc5 Rxc5 31. c4 Kf8 32. Rb8+ Kg7
33. Rb5 Rxb5 34. cxb5 Be5 35. Kf3 Bc7 36. h4 f5 37. e4 Kf6 38. exf5 gxf5 39. g4
fxg4+ 40. Kxg4 h6 41. Kh5 Kg7 42. Be4 Bb6 43. Bd3 Bc7 1/2-1/2